Kameň svedectva Ježiš - Svetlo v tmách

Bibliographic Details
Main Author: Iľko, Jozef (Author)
Format: Book
Language:Slovak
PhysicalDescription:46 s. sch. 25 cm
Published: Bratislava Nové Svetlo [1999]
ISBN:8096814915
Subjects:

MARC

LEADER 00000nam a2200000 a 4500
001 vtls001377308
003 SK-MaSNL
005 20260302071431.0
008 240318s1999 xo r slo
015 |a SNBA2000/06-01940 
020 |a 8096814915 
035 |a SNK000331253 
035 |a urn:nbn:sk:snk-amk6b2 
035 |a urn:nbn:sk:snk-am004os8 
035 |a E4818A04-1E99-47F4-9936-CE5A45FB4AD9 
040 |a SNK  |b slo  |c SNK  |e AACR2 
041 0 |a slo 
044 |a xo  |c SK 
080 |a 133.9  |2 1981 
100 1 |a Iľko, Jozef  |4 aut  |9 75081 
245 1 0 |a Kameň svedectva  |b Ježiš - Svetlo v tmách  |c Jozef Iľko 
260 |a Bratislava  |b Nové Svetlo  |c [1999] 
300 |a 46 s.  |b sch.  |c 25 cm 
500 |a Obalový názov 
650 0 7 |a ezoterika  |2 SNK  |9 2083 
655 7 |a príručky  |2 SNK  |9 74364 
919 |a 80-968149-1-5 
958 |a OND 
958 |a TL 
999 |c 1152041  |d 1153971 
952 |t P60, <09>, [BOOK], {629}  |a SNK  |b SNK  |y NEVYP  |7 0  |o snkC 746  |i snk1372/991125  |0 0  |1 0  |4 0  |d 1999-11-23  |l 0  |r 2005-01-02 00:00:00  |w 2026-02-24 
952 |t P60, <03>, [BOOK], {603}  |a SNK  |b SNK  |y PREZ  |7 0  |p 17A0219244  |o snkSC 100173  |i snkKSP 11431/99  |0 0  |1 0  |4 0  |d 1999-11-23  |f 1  |l 0  |r 2025-09-19 00:00:00  |w 2026-02-24 
952 |t P60, <04>, [BOOK], {604}  |a SNK  |b SNK  |y VYP  |7 0  |p 17A0219245  |o snkSC 100173 D1  |i snkKSP 11432/99  |0 0  |1 0  |4 0  |d 1999-11-23  |l 0  |r 2005-01-02 00:00:00  |w 2026-02-24